Entry Nombre personal
001 - NÚMERO DE CONTROL
- campo de control: 18604
003 - IDENTIFICADOR DE NÚMERO DE CONTROL
- campo de control: SpMaBN
005 - FECHA Y HORA DE LA ÚLTIMA TRANSACCIÓN
- campo de control: 20240208201921.0
008 - ELEMENTOS DE DATO DE LONGITUD-FIJA
- campo de control de longitud fija: 901120n| aijnnaabn a aaa
016 ## - NÚMERO DE CONTROL DE UNA AGENCIA BIBLIOGRÁFICA NACIONAL
- Número de control del registro: BNE19900007096
024 7# - IDENTIFICADOR DE OTROS ESTÁNDARES
- Número estándar o código: http://viaf.org/viaf/112937553/
- Fuente: viaf
024 7# - IDENTIFICADOR DE OTROS ESTÁNDARES
- Número estándar o código: https://isni.org/isni/0000000081805281
- Fuente: isni
024 7# - IDENTIFICADOR DE OTROS ESTÁNDARES
- Número estándar o código: http://www.wikidata.org/entity/Q3724275
- Fuente: wikidata
040 ## - FUENTE DE CATALOGACIÓN
- Centro catalogador/agencia de origen: SpMaBN
- Lengua de catalogación: spa
- Centro/agencia transcriptor: SpMaBN
- Normas de descripción: rdc
- Convención/Normas de encabezamiento de materia/tesauro: embne
046 ## - FECHAS CON CODIFICACIÓN ESPECIAL
- Fecha de nacimiento: 1907
- Fecha de la muerte: 1979
100 1# - ENCABEZAMIENTO-NOMBRE DE PERSONA
- Nombre de persona: Aguado, Emiliano,
- Fechas asociadas al nombre: 1907-1979
370 ## - LUGAR ASOCIADO
- Lugar de nacimiento: Cebolla, Toledo, España
- Fuente de información: (Wikidata)
- Número de control del registro de autoridad o número normalizado: XX460722
374 ## - OCUPACIÓN
- Ocupación: Críticos literarios
- Ocupación: Escritores
- Ocupación: Dramaturgos
- Ocupación: Ensayistas
- Fuente de información: Wikidata
375 ## - GÉNERO/SEXO
- Género: Masculino
377 ## - IDIOMA ASOCIADO
- Término de lengua/lenguaje: Español
400 1# - TRAZADO DE VÉASE--NOMBRE DE PERSONA
- Nombre de persona: Aguado Hernández, Emiliano,
- Fechas asociadas al nombre: 1907-1979
670 ## - FUENTE DE DATOS ENCONTRADOS
- Cita de la fuente: Del siglo XVIII a nuestros días, 1942
- Información encontrada: port. (Emiliano Aguado)
670 ## - FUENTE DE DATOS ENCONTRADOS
- Cita de la fuente: Catálogo de periodistas españoles del siglo XX, 1981
- Información encontrada: (Aguado Hernández, Emiliano; n. 1907, Cebolla, Toledo, m. 1979; ensayista, dramaturgo, redactor y crítico literario)
